banner koha

Estimation of genetic distance among genotypes of caraway (Carum carvi L.)using RAPD-PCR (Registro n. 239810)

MARC details
000 -LÍDER
campo de controle de tamanho fixo 00887nas a2200289 4500
001 - NÚMERO DE CONTROLE
campo de controle BR2014006274
003 - IDENTIFICADOR DO NÚMERO DE CONTROLE
campo de controle BR-BrBNA
005 - DATA E HORÁRIO DA ÚLTIMA TRANSAÇÃO
campo de controle 20231205124557.0
007 - CAMPO FIXO DE DESCRIÇÃO FÍSICA--INFORMAÇÃO GERAL
campo de controle de tamanho fixo ta
008 - CAMPO DE DADOS FIXOS--INFORMAÇÃO GERAL
campo de controle de tamanho fixo 230509b bl.|||p| |||| 00| 00por d
040 ## - FONTE DA CATALOGAÇÃO
Instituição da catalogação original BR-BrBNA
Idioma da catalogação por
Instituição que transcreveu o registro Biblioteca Nacional de Agricultura
041 ## - CÓDIGO DE IDIOMA
Código do idioma do texto/trilha sonora ou título diferente (En)
072 ## - CÓDIGO DE CATEGORIA DE ASSUNTO
Código de Categoria de Assunto F30
100 1# - ENTRADA PRINCIPAL--NOME PESSOAL
Nome pessoal Seidler-Lozykowska, K.
100 1# - ENTRADA PRINCIPAL--NOME PESSOAL
Nome pessoal Kuczynska, A.
100 1# - ENTRADA PRINCIPAL--NOME PESSOAL
Nome pessoal Mikolajczyk, K.
100 1# - ENTRADA PRINCIPAL--NOME PESSOAL
Nome pessoal Nowakowska, J.
100 1# - ENTRADA PRINCIPAL--NOME PESSOAL
Nome pessoal Bocianowski, J.
245 1# - TÍTULO
Título Estimation of genetic distance among genotypes of caraway (Carum carvi L.)using RAPD-PCR
650 ## - ASSUNTO--TERMO TÓPICO
Cabeçalho tópico ou nome geográfico COMINHO
650 ## - ASSUNTO--TERMO TÓPICO
Cabeçalho tópico ou nome geográfico PLANTA AROMÁTICA
650 ## - ASSUNTO--TERMO TÓPICO
Cabeçalho tópico ou nome geográfico GENÓTIPO
650 ## - ASSUNTO--TERMO TÓPICO
Cabeçalho tópico ou nome geográfico GENÉTICA VEGETAL
773 0# - ENTRADA ANALÍTICA
Título Acta Scientiarum. Agronomy (Brazil)
ISSN - International Standard Serial Number ISSN 1679-9275
Partes relacionadas (Apr-Jun 2014), v. 36(2) p. 183-188
Número de controle do registro BR2014006274
909 ## -
-- 202311
-- Lúcia
-- 55
-- Lúcia Elande
942 ## - ELEMENTOS DE ENTRADA ADICIONADOS (KOHA)
Fonte da classificação ou esquema de arquivamento na estante Classificação AGRIS
Ocultar no OPAC Não
Tipo de material Koha Analítica
Exemplares
Situação do descarte Fonte da classificação ou esquema de arquivamento na estante Situação física Não pode ser emprestado Biblioteca de origem Biblioteca atual Localização na estante Enumeração do periódico / cronologia Total de empréstimos Data de último acesso Número do exemplar Tipo de material Koha Fonte de aquisição
  Classificação AGRIS   Consulta local Biblioteca Nacional de Agricultura - Binagri Biblioteca Nacional de Agricultura - Binagri   (Apr-Jun 2014), v. 36(2) p. 183-188   29/11/2023 01 Periódicos Portaria Interministerial nº 164/94

BINAGRI

Telefone: (61)3218-2567/2388/3357/2097 - binagri@agro.gov.br

Ministério da Agricultura e Pecuária , Esplanada dos Ministérios, Bloco D, Anexo B, Brasília/DF, CEP: 70.043-900